Business Schoolgames

Spoločnosť Schoolgames Slovakia uvedie v školskom roku 2009/2010 do slovenských škôl prvú spoločenskú hru, ktorá pomáha pri výučbe ekonomických predmetov. Ciele projektu Business Schoolgames. Uplatnenie hry ako školskej pomôcky. Situácia na Slovensku.

Guardado en:
Detalles Bibliográficos
Formato: Capítulo de libro
Lenguaje:eslovaco
Materias:
Etiquetas: Agregar Etiqueta
Sin Etiquetas, Sea el primero en etiquetar este registro!

MARC

LEADER 00000naa$a2200000$$$4500
001 0110184
005 20231011121852.0
041 0 |a slo 
044 |a SK 
245 1 0 |a Business Schoolgames 
520 |a Spoločnosť Schoolgames Slovakia uvedie v školskom roku 2009/2010 do slovenských škôl prvú spoločenskú hru, ktorá pomáha pri výučbe ekonomických predmetov. Ciele projektu Business Schoolgames. Uplatnenie hry ako školskej pomôcky. Situácia na Slovensku. 
610 2 0 |a vyučovanie 
610 2 0 |a hry 
610 2 0 |a hry ekonomické 
610 2 0 |a pomôcky učebné 
610 2 0 |a Slovensko